John Cena's career opponents - Statistics

General Stats
  • This quiz has been taken 2,075 times
    269 since last reset
  • The average score is 63 of 133
Answer Stats
Answer % Correct
Randy Orton
93%
Brock Lesnar
89%
CM Punk
89%
Roman Reigns
89%
The Undertaker
89%
Edge
88%
A.J. Styles
87%
Kane
85%
Rey Mysterio
85%
Seth Rollins
85%
The Big Show
85%
Triple H
84%
Cody Rhodes
82%
The Miz
82%
Bray Wyatt
81%
Dominik Mysterio
81%
The Rock
81%
Batista
79%
Chris Jericho
79%
Dean Ambrose
77%
Kevin Owens
77%
Kurt Angle
76%
Sami Zayn
75%
Shawn Michaels
75%
Jeff Hardy
73%
John Bradshaw Layfield
73%
Daniel Bryan
72%
Matt Hardy
72%
Alberto Del Rio
71%
Christian
71%
Dolph Ziggler
71%
Sheamus
71%
Luther Reigns
70%
Ryback
69%
Wade Barrett
69%
Chris Benoit
67%
Gunther
67%
Luke Harper
67%
Mark Henry
67%
Rusev
65%
Rob Van Dam
64%
Umaga
64%
Bobby Lashley
63%
Eddie Guerrero
63%
Erick Rowan
63%
Albert
62%
Braun Strowman
62%
Booker T
61%
R-Truth
61%
Carlito
60%
Finn Balor
60%
David Otunga
58%
Cesaro
57%
Logan Paul
57%
The Great Khali
57%
Zack Ryder
56%
Chavo Guerrero Jr.
55%
Justin Gabriel
55%
Shelton Benjamin
54%
Big E Langston
53%
Austin Theory
52%
D-Von Dudley
51%
Goldust
51%
Shinsuke Nakamura
51%
Vince McMahon
51%
Solo Sikoa
48%
Jack Swagger
47%
David Flair
46%
Jinder Mahal
45%
Rikishi
43%
Test
43%
Baron Corbin
42%
Sabu
42%
Xavier Woods
41%
Billy Gunn
39%
Ted Dibiase Jr.
39%
Chris Masters
38%
Hardcore Holly
37%
Orlando Jordan
36%
Santino Marella
36%
Crash Holly
35%
Darren Young
35%
Karl Anderson
34%
CW Anderson
33%
Jason Jordan
33%
Luke Gallows
33%
Rhyno
33%
Tommy Dreamer
33%
Elias
32%
Finlay
32%
Curtis Axel
31%
Rene Dupree
31%
Alex Riley
30%
Michael Cole
30%
Rico
29%
Damien Sandow
28%
Johnny Nitro
27%
Samoa Joe
27%
Viscera
27%
Mark Jindrak
26%
Billy Kidman
25%
Danny Basham
25%
John Laurinaitis
24%
Paul London
23%
Jesus
21%
Kevin Federline
21%
Matt Morgan
21%
Neville
21%
Scott Steiner
20%
Chuck Palumbo
19%
Snitsky
19%
Bull Buchanan
18%
Lance Storm
18%
Jonathan Coachman
15%
Lance Cade
15%
Sho Funaki
15%
Montez Ford
14%
Armando Alejandro Estrada
13%
Balls Mahoney
13%
Daivari
13%
Muhammad Hassan
13%
Sean O'Haire
13%
Zach Gowen
13%
Akio
12%
Chris Kanyon
12%
Kenzo Suzuki
12%
Spanky
11%
Ron Waterman
9%
Sakoda
9%
Matt Striker
7%
Frankie Kazarian
5%
Nova
5%
Shark Boy
5%
No matching quizzes found
Score Distribution
Percent of People with Each Score
Percentile by Number Answered
Your Score History
You have not taken this quiz since the last reset